हिंदी ग़ज़ल का आत्मसंघर्ष:अपने समय की चुनी हुई गज़लों से गुज़रते हुए/ (Record no. 199289)

MARC details
000 -LEADER
fixed length control field 00772nam a22001937a 4500
005 - DATE AND TIME OF LATEST TRANSACTION
control field 20231129113742.0
010 ## - LCCN (DPL NO)
LC control number HIN-126418
020 ## - INTERNATIONAL STANDARD BOOK NUMBER
International Standard Book Number 9789390916658
Terms of availability 300.00
035 ## - SYSTEM CONTROL NUMBER
System control number HN-98764
037 ## - SOURCE OF ACQUISITION
Source of stock number/acquisition DBAD/PUB.
082 ## - DEWEY DECIMAL CLASSIFICATION NUMBER
Classification number 841.08
100 ## - MAIN ENTRY--PERSONAL NAME
Personal name सुशील कुमार
245 ## - TITLE STATEMENT
Title हिंदी ग़ज़ल का आत्मसंघर्ष:अपने समय की चुनी हुई गज़लों से गुज़रते हुए/
Statement of responsibility, etc सुशील कुमार
250 ## - EDITION STATEMENT
Edition statement 1
260 ## - PUBLICATION, DISTRIBUTION, ETC. (IMPRINT)
Name of publisher, distributor, etc प्रलेक प्रकाशन
Date of publication, distribution, etc 2021
300 ## - PHYSICAL DESCRIPTION
Extent 264 पृष्ट;
Dimensions 22 सेमी (अजिल्द)
710 ## - ADDED ENTRY--CORPORATE NAME
9 (RLIN) 59164
942 ## - ADDED ENTRY ELEMENTS (KOHA)
Institution code [OBSOLETE] DPL
Item type Hindi Books
Source of classification or shelving scheme Dewey Decimal Classification
Classification part 841.08
Call number suffix सुशील
Holdings
Withdrawn status Lost status Not for loan Collection code Home library Current library Date acquired Source of acquisition Cost, normal purchase price Full call number Barcode Copy number Cost, replacement price Koha item type
      Non-fiction Vinoba Puri Vinoba Puri 29/11/2023 DBAD/PUB 300.00 841.08 सुशील HN-98764 1 300.00 Hindi Books

© Delhi Public Library
Hit Counter
free hit counter